Télévision : Speakerines et speakers en photos - Statistiques

Statistiques générales
  • Ce quiz a été pris 30 fois
  • Le résultat moyen est 9 sur 18
Statistiques - réponses
Par images Hint Réponse % Correct
1967 Olivier {Minne}
93%
1948 Chantal {Lauby}
89%
1942 Denise {Fabre}
89%
1943 Danièle {Gilbert}
85%
1956 Thierry {Beccaro}
81%
1951 Evelyne {Leclercq}
67%
1921-2005 Jacqueline {Joubert}
63%
1931 Simone {Garnier}
63%
1965 Vincent {Perrot}
63%
1954 Fabienne {Egal}
56%
1923-1998 Catherine {Langeais}
52%
1935-2015 Anne-Marie {Peysson}
37%
1929-1986 Jacqueline {Huet}
33%
1947 Babette {de Rozières}
22%
1927-2021 Jacqueline {Caurat}
15%
Noëlle {Noblecourt}
15%
1941-2017 Michèle {Demai}
4%
1940-2024 Chantal {Alban}
0%
Aucun quiz correspondant
Distribution des résultats
% des personnes avec chaque résultat
Percentile par nombre de réponses
Votre historique - résultats
Vous n’avez pas pris ce quiz